000 01011cam a22003134a 4500
001 12605773
003 OSt
005 20151014111521.0
008 011203s2003 maua b 001 0 eng
010 _a 2001099010
020 _a0618219560
035 _a(DLC) 2001099010
040 _aDLC
_cDLC
_dDLC
042 _apcc
050 0 0 _aQA331.3
_b.C73 2003
082 0 0 _a512
_221
100 1 _aCrauder, Bruce.
245 1 0 _aFunctions and change :
_ba modeling approach to college algebra /
_cBruce Crauder, Benny Evans, and Alan Noell.
250 _a2nd ed.
260 _aBoston :
_bHoughton Mifflin Co.,
_cc2003.
300 _a1 v. (various pagings) :
_bill. ;
_c26 cm.
504 _aIncludes bibliographical references and indexes.
650 0 _aFunctions.
700 1 _aEvans, Benny.
700 1 _aNoell, Alan.
906 _a7
_bcbc
_corignew
_d3
_eepcn
_f20
_gy-gencatlg
942 _2lcc
_cCR
999 _c250627
_d250627